[Event "AUTO-OPEN-175"]
[Site "http://www.queenalice.com/game.php?id=38329"]
[Date "2005.11.17"]
[Round "1"]
[White "Soni"]
[Black "gomery"]
[Result "1-0"]
[WhiteElo "1684"]
[BlackElo "1201"]

1. d4 Nf6 2. c4 b6 3. Nc3 Bb7 4. Nf3 e6 5. Bg5 h6 6. Bh4 Bb4 7. Qd3 Nc6 8. a3
Bd6 9. e4 Be7 10. Be2 O-O 11. h3 Nh5 12. Bxe7 Qxe7 13. d5 exd5 14. cxd5 Ne5 15.
Nxe5 Qxe5 16. g3 Nf6 17. f4 Qe7 18. O-O-O c6 19. d6 Qe6 20. Rhe1 c5 21. e5 Ne8
22. f5 Qb3 23. Rd2 Rc8 24. g4 a6 25. Bd1 1-0

[Event "AUTO-OPEN-175"]
[Site "http://www.queenalice.com/game.php?id=38330"]
[Date "2005.11.17"]
[Round "1"]
[White "gomery"]
[Black "Soni"]
[Result "0-1"]
[WhiteElo "1201"]
[BlackElo "1678"]

1. e4 d6 2. d4 g6 3. Nc3 Bg7 4. Be3 c6 5. Qd2 Nf6 6. f3 Nbd7 7. Bc4 a5 8. Nge2
b5 9. Bd3 O-O 10. O-O e5 11. dxe5 Nxe5 12. Rad1 Be6 13. a3 Qc7 14. Nf4 Rad8 15.
Nxe6 fxe6 16. Qf2 d5 17. Bf4 Nh5 18. Be3 Ng4 0-1

[Event "AUTO-OPEN-175"]
[Site "http://www.queenalice.com/game.php?id=38331"]
[Date "2005.11.17"]
[Round "1"]
[White "Soni"]
[Black "VICSAR"]
[Result "1-0"]
[WhiteElo "1668"]
[BlackElo "1569"]

1. d4 g6 2. e4 Bg7 3. f4 c6 4. Be3 d6 5. Bd3 Qb6 6. Ne2 Qxb2 7. Nd2 Bg4 8. O-O
Bxe2 9. Qxe2 Bxd4 10. Rab1 Bxe3+ 11. Qxe3 Qxa2 12. Rxb7 Nd7 13. e5 d5 14. Rfb1
Nb6 15. f5 e6 16. Qc5 Rd8 17. Qxc6+ Nd7 18. fxe6 fxe6 19. Qxe6+ Ne7 20. Bb5 Qa3
21. Bxd7+ Rxd7 22. Qxd7+ Kf7 23. Rf1+ Kg7 24. Qxe7+ Qxe7 25. Rxe7+ Kh6 26. Rxa7
Re8 27. Nf3 g5 28. Ra6+ Kh5 29. e6 1-0

[Event "AUTO-OPEN-175"]
[Site "http://www.queenalice.com/game.php?id=38332"]
[Date "2005.11.17"]
[Round "1"]
[White "VICSAR"]
[Black "Soni"]
[Result "1-0"]
[WhiteElo "1659"]
[BlackElo "1709"]

1. e4 e5 2. Nf3 d6 3. d4 exd4 4. Nxd4 a6 5. Nc3 Be6 6. Qf3 Nf6 7. Bg5 Be7 8.
Nxe6 fxe6 9. O-O-O Nc6 10. Bxf6 Bxf6 11. Bc4 Qe7 12. a3 O-O 13. Kb1 b5 14. Ba2
b4 15. axb4 Nxb4 16. Qh3 Rfe8 17. f4 Bxc3 18. Qxc3 c5 19. f5 Nxa2 20. Kxa2 exf5
21. exf5 a5 22. Rhf1 Qf7+ 23. Qb3 Qxb3+ 24. Kxb3 a4+ 25. Kc3 Ra6 26. Ra1 Re3+
27. Kc4 Re2 28. Kb5 Ra8 29. b3 Rxc2 30. Rxa4 Rd8 31. Rg4 d5 32. f6 g6 33. h4 Kf7
34. h5 Rd6 35. hxg6+ hxg6 36. Rh4 Rxf6 37. Rh7+ Ke6 38. Rxf6+ Kxf6 39. g4 c4 40.
bxc4 Rxc4 41. Rd7 Ke6 42. Rg7 Rxg4 43. Kc5 d4 44. Kc4 1-0

[Event "AUTO-INT-23"]
[Site "http://www.queenalice.com/game.php?id=40041"]
[Date "2005.11.27"]
[Round "2"]
[White "Dinho"]
[Black "Soni"]
[Result "0-1"]
[WhiteElo "1608"]
[BlackElo "1670"]

1. e4 e6 2. d4 c5 3. Nf3 cxd4 4. Nxd4 Nc6 5. Be3 Qb6 6. b3 Bc5 7. c3 Bxd4 8.
cxd4 Qb4+ 9. Nd2 Nxd4 10. Qg4 g6 11. Rc1 Ne7 12. Rc4 Qa3 13. Bxd4 O-O 14. Ra4
Qc1+ 15. Qd1 Qxd1+ 16. Kxd1 a6 17. Bf6 Nc6 18. Bb5 e5 19. Nc4 Nd4 20. Nb6 Ra7
21. Nxc8 Rxc8 22. Bc4 d6 23. Be7 b5 24. Bxb5 Nxb5 25. Kd2 Rxe7 26. Rxa6 Rec7 27.
a4 Rc2+ 28. Ke3 R8c3# 0-1

[Event "AUTO-INT-23"]
[Site "http://www.queenalice.com/game.php?id=40042"]
[Date "2005.11.27"]
[Round "2"]
[White "Soni"]
[Black "Dinho"]
[Result "1-0"]
[WhiteElo "1711"]
[BlackElo "1578"]

1. d4 d5 2. e3 Nc6 3. Bb5 Bd7 4. Nf3 f6 5. c4 e6 6. c5 Nge7 7. Nc3 a6 8. Ba4 e5
9. Bxc6 Bxc6 10. b4 Ng6 11. O-O b6 12. a4 a5 13. b5 Bd7 14. cxb6 cxb6 15. dxe5
Nxe5 16. Nxe5 fxe5 17. Qxd5 Bb4 18. Qxe5+ Qe7 19. Qxe7+ Bxe7 20. Nd5 Bd6 21.
Nxb6 Rb8 22. Nxd7 Kxd7 23. Rd1 Ke6 24. Bb2 Be5 25. Bxe5 Rb7 26. Bf4 h6 27. Rd6+
Kf5 28. Ra6 Rd8 29. Rxa5 Rbd7 30. b6+ Kf6 31. g4 g5 32. Rf5+ Ke7 33. Bg3 Rd6 34.
Bxd6+ Rxd6 35. a5 Kd7 36. Rc1 1-0

[Event "AUTO-ADV-52"]
[Site "http://www.queenalice.com/game.php?id=40813"]
[Date "2005.11.30"]
[Round "2"]
[White "Soni"]
[Black "tewald"]
[Result "0-1"]
[WhiteElo "1691"]
[BlackElo "1833"]

1. e4 e5 2. Bc4 Nf6 3. d3 Be7 4. Nf3 d6 5. h3 Be6 6. Nbd2 O-O 7. Bxe6 fxe6 8.
Nb3 Nbd7 9. Bg5 b6 10. Bxf6 Nxf6 11. Qd2 c5 12. c4 a5 13. a4 h6 14. g4 Qc7 15.
Qe3 d5 16. exd5 exd5 17. Qxe5 Bd6 18. Qe6+ Kh8 19. Kd2 Bf4+ 20. Kc2 Rae8 21. Qf5
Re2+ 22. Kb1 Rxf2 23. Nh4 Bg3 24. Ng6+ Kg8 25. Qe6+ Rf7 26. Ka2 dxc4 27. dxc4
Kh7 28. Rad1 Nd7 29. Ne7 Nf8 30. Qe4+ Kh8 31. Nf5 Rf4 32. Qd3 Bf2 33. Qc3 Ne6
34. Rd5 Qc6 35. Ka3 Nd4 36. Rd1 Nxf5 37. gxf5 Bh4 38. Rd6 Qc7 0-1

[Event "AUTO-ADV-52"]
[Site "http://www.queenalice.com/game.php?id=40814"]
[Date "2005.11.30"]
[Round "2"]
[White "tewald"]
[Black "Soni"]
[Result "1-0"]
[WhiteElo "1806"]
[BlackElo "1722"]

1. d4 d5 2. c4 dxc4 3. e4 e6 4. Bxc4 a6 5. a3 Nf6 6. Nc3 b5 7. Ba2 Be7 8. e5
Nfd7 9. Nf3 Bb7 10. O-O Nf8 11. b4 Ng6 12. h3 Nh4 13. Nxh4 Bxh4 14. Qg4 g6 15.
Bh6 Nd7 16. Ne4 Bxe4 17. Qxe4 f5 18. Qc6 Rb8 19. Qxe6+ Qe7 20. Bg7 Qxe6 21. Bxe6
Ke7 22. Bxh8 Kxe6 23. Bg7 Bg5 24. Rad1 c6 25. g3 Rg8 26. Bf6 Bxf6 27. exf6 Nxf6
28. Rfe1+ Kd6 29. Re2 Ne4 30. Rde1 Kd5 31. Kg2 Rc8 32. Rd1 Kd6 33. Re3 a5 34.
bxa5 Ra8 35. f3 Nf6 36. g4 fxg4 37. hxg4 Rxa5 38. Rde1 1-0